|
|
|
|
| LEADER |
00000nam0a2200000 4500 |
| 001 |
227172 |
| 005 |
20231101230800.0 |
| 035 |
|
|
|a (RuTPU)RU\TPU\book\247585
|
| 090 |
|
|
|a 227172
|
| 100 |
|
|
|a 20121203d1935 m y0rusy50 ca
|
| 101 |
0 |
|
|a rus
|
| 102 |
|
|
|a RU
|
| 105 |
|
|
|a a z 001zy
|
| 200 |
1 |
|
|a Электротехнические измерения
|f А. Г. Белявский, П. А. Попов
|
| 210 |
|
|
|a Ростов-на-Дону
|c Азчериздат
|d 1935
|
| 215 |
|
|
|a 312 с.
|c ил.
|
| 320 |
|
|
|a Библиогр.: с. 311-312.
|
| 606 |
1 |
|
|a Электротехнические измерения
|2 stltpush
|3 (RuTPU)RU\TPU\subj\20955
|9 46015
|
| 610 |
1 |
|
|a единицы измерения
|
| 610 |
1 |
|
|a электроизмерительные приборы
|
| 610 |
1 |
|
|a методы
|
| 610 |
1 |
|
|a магнитные измерения
|
| 675 |
|
|
|a 621.317.3
|v 3
|
| 700 |
|
1 |
|a Белявский
|b А. Г.
|
| 701 |
|
1 |
|a Попов
|b П. А.
|
| 801 |
|
1 |
|a RU
|b 63413507
|c 20121203
|
| 801 |
|
2 |
|a RU
|b 63413507
|c 20130215
|g RCR
|
| 942 |
|
|
|c BK
|